Complétez les paroles : Les Corons de P. Bachelet - Statistiques

Statistiques générales
  • Ce quiz a été pris 246 fois
  • Le résultat moyen est 20 sur 27
Statistiques - réponses
Texte Mot manquant % Correct
Au nord, c'étaient les XXXXXX corons
100%
La terre c'était le XXXXXX charbon
98%
Le XXXX c'était l'horizon ciel
96%
Les hommes des XXXXXXX de fond mineurs
96%
J'apprenais mes XXXXXX, la joue contre son bras leçons
86%
Mais mon XXXX en rentrant avait les yeux si bleus père
86%
Que je croyais voir le ciel XXXX bleu
85%
Ma mère avait les XXXXXXX blancs cheveux
85%
Je crois qu'il était XXXX de moi fier
83%
Grâce à eux je XXXX qui je suis (...) sais
81%
Et la pluie mouillait mon XXXXXXXX cartable
77%
Et je lui XXXX ce que je suis (...) dois
77%
Mon père était "XXXXXX noire" comme l'étaient ses parents gueule
77%
D'en haut je voyais la XXXXXXXX campagne
71%
Une photo de Jean XXXXXX Jaurès
71%
Y avait à la mairie le jour de la XXXXXXXX kermesse
71%
Ils parlaient de 36 et des coups de XXXXXX grisou
66%
Nos fenêtres donnaient sur des XXXXXXXX semblables fenêtres
65%
Et j'avais des terrils à défaut de XXXXXXXXX montagnes
65%
Et c'était mon XXXXXXX , et elle était heureuse enfance
61%
Dans la buée des XXXXXXXXXXX lessiveuses
59%
Et chaque verre de vin était un XXXXXXX rose diamant
55%
Posé sur fond de XXXXXXXX silicose
55%
Des XXXXXXXXX du fond du trou accidents
53%
Ils étaient de la XXXXX, comme on est d'un pays fosse
52%
Ils aimaient leur XXXXXX comme on aime un pays (...) métier
47%
Il était XXXXXXXX comme ceux du pays généreux
45%
Aucun quiz correspondant
Distribution des résultats
% des personnes avec chaque résultat
Percentile par nombre de réponses
Votre historique - résultats
Vous n’avez pas pris ce quiz